Statistics for Biggest Gangs in the US

Click here to take the quiz!

General Stats

  • This quiz has been taken 324 times
  • The average score is 4 of 11

Answer Stats

Members Gang % Correct
19,000Bloods
96%
35,000Crips
94%
70,000Mara Salvatrucha
47%
45,500Latin Kings
43%
2,500Hell's Angels
34%
33,000Aryan Brotherhood
26%
34,000Mexican Mafia
20%
50,00018th Street
13%
42,000Nuestra Familia
6%
1,500Mongols Motorcycle Club
5%
30,000Trinitarios
3%

Score Distribution

Percentile by Number Answered

Percent of People with Each Score

Your Score History

You have not taken this quiz